header

When children die (Record no. 76515)

MARC details
000 -LEADER
fixed length control field 01580nam a2200313Ia 4500
082 04 - DEWEY DECIMAL CLASSIFICATION NUMBER
Classification number 362.1/75/083
245 00 - TITLE STATEMENT
Title When children die
260 ## - PUBLICATION, DISTRIBUTION, ETC. (IMPRINT)
Place of publication Washington, D.C. :
Name of publisher National Academy Press,
Year of publication c2003.
300 ## - PHYSICAL DESCRIPTION
Number of Pages ii, 14 p.
500 ## - GENERAL NOTE
General note "This document is a brief summary of the Institute of Medicine report entitled "When Children Die: Improving Palliative and End-of-Life Care for Children"." -- p.ii
650 #0 - SUBJECT ADDED ENTRY--TOPICAL TERM
Topical Term Terminally ill children
Topical Term Terminally ill children
Topical Term Palliative treatment.
700 1# - ADDED ENTRY--PERSONAL NAME
Personal name Field, Marilyn J.
Personal name Behrman, Richard E.,
856 40 - ELECTRONIC LOCATION AND ACCESS
Uniform Resource Identifier http://site.ebrary.com/lib/rucke/Doc?id=10049189

No items available.

© 2026 Rongo University
Contact us: librarian | system librarian | Rongo university